000 00258nam a2200109Ia 4500
008 190914s9999||||xx |||||||||||||| ||und||
100 _aRobert Louis Stevenson
245 0 _aKidnapped
260 _aNew Delhi
_bBantam Books
_c1996
300 _a543
942 _cBK
999 _c9056
_d9056